Impact behaviour of fibre reinforced cementitious composite slabs /
Saved in:
| Main Author: | |
|---|---|
| Format: | Thesis Book |
| Language: | English |
| Published: |
2000.
|
| Subjects: | |
| Tags: |
Add Tag
No Tags, Be the first to tag this record!
|
| LEADER | 00914cam a2200229 a 4500 | ||
|---|---|---|---|
| 001 | u686113 | ||
| 003 | SIRSI | ||
| 008 | 010223s2000 si v 00 10 eng m | ||
| 035 | |a ACO-1948 | ||
| 040 | |a UMM | ||
| 090 | |a TA145 |b NUSP 2000 Moh | ||
| 100 | 0 | 0 | |a Mohamed Abdul Kader Basheer Khan. |
| 245 | 1 | 0 | |a Impact behaviour of fibre reinforced cementitious composite slabs / |c by Mohamed Abdul Kader Basheer Khan. |
| 260 | |c 2000. | ||
| 300 | |a xviii, 217 leaves : |b ill. ; |c 30 cm. | ||
| 502 | |a Thesis (Ph.D.) -- Dept. of Civil Engineering, Faculty of Engineering, National University of Singapore, 2000. | ||
| 504 | |a Includes bibliographical references. | ||
| 650 | 0 | |a Fiber-reinforced concrete | |
| 650 | 0 | |a Concrete slabs. | |
| 948 | |a 23/02/2001 |b 21/05/2004 | ||
| 596 | |a 1 | ||
| 999 | |a TA145 NUSP 2000 MOH |w LC |c 1 |i A510062354 |d 4/1/2009 |e 4/1/2009 |f 10/7/2006 |g 1 |l B_KOM4 |m P01UTAMA |n 1 |r Y |s Y |t TESIS |u 14/2/2005 |o .PUBLIC. BKOM 4 : 45114 | ||
